[Event "2. Magistral Ciudad de Asunción 2009 B"]
[Site "Asunción PAR"]
[Date "2009.07.02"]
[Round "5.5"]
[White "Sosa Harrison, Jorge"]
[Black "Malbran, Guillermo"]
[Result "1/2-1/2"]
[WhiteElo "2254"]
[BlackElo "2238"]
[PlyCount "80"]
[EventDate "2009.06.28"]
[EventType "tourn"]
[EventRounds "9"]
[EventCountry "PAR"]
[EventCategory "2"]
[Source "lmi"]
[SourceDate "2009.06.28"]

1. Nf3 d6 2. d4 Bg4 3. g3 g6 4. Bg2 Bg7 5. h3 Bxf3 6. Bxf3 c6 7. c3 Nf6 8. Qb3
Qb6 9. Nd2 d5 10. e4 dxe4 11. Nxe4 Nxe4 12. Bxe4 Nd7 13. Be3 Nf6 14. Bf3 O-O
15. O-O e6 16. Rad1 Nd5 17. Bd2 Rfd8 18. Rfe1 Rd7 19. Kg2 Rad8 20. Bg4 Bf6 21.
Bc1 Qxb3 22. axb3 Kg7 23. Be2 h5 24. f4 Rh8 25. Rh1 a6 26. b4 Rdd8 27. Kf3 Be7
28. Rdg1 f5 29. Re1 Kf7 30. Bc4 Rde8 31. Re2 g5 32. Bd2 g4+ 33. hxg4 hxg4+ 34.
Kg2 Rxh1 35. Kxh1 Rh8+ 36. Kg2 Bf6 37. Re1 Rh3 38. Bb3 Rh8 39. Ra1 Rd8 40. Rh1
Rh8 1/2-1/2

[Event "2. Magistral Ciudad de Asunción 2009 B"]
[Site "Asunción PAR"]
[Date "2009.07.03"]
[Round "6.1"]
[White "Valiente, Cristobal"]
[Black "Malbran, Guillermo"]
[Result "1/2-1/2"]
[WhiteElo "2234"]
[BlackElo "2238"]
[PlyCount "20"]
[EventDate "2009.06.28"]
[EventType "tourn"]
[EventRounds "9"]
[EventCountry "PAR"]
[EventCategory "2"]
[Source "lmi"]
[SourceDate "2009.06.28"]

1. Nf3 Nf6 2. g3 g6 3. Bg2 Bg7 4. O-O O-O 5. c4 d6 6. Nc3 c6 7. Rb1 d5 8. cxd5
cxd5 9. d3 Nc6 10. Bf4 d4 1/2-1/2

[Event "2. Magistral Ciudad de Asunción 2009 B"]
[Site "Asunción PAR"]
[Date "2009.07.03"]
[Round "6.2"]
[White "Gattass, Allan"]
[Black "Sosa Harrison, Jorge"]
[Result "1/2-1/2"]
[WhiteElo "2221"]
[BlackElo "2254"]
[PlyCount "24"]
[EventDate "2009.06.28"]
[EventType "tourn"]
[EventRounds "9"]
[EventCountry "PAR"]
[EventCategory "2"]
[Source "lmi"]
[SourceDate "2009.06.28"]

1. e4 e6 2. d4 d5 3. Nc3 dxe4 4. Nxe4 Nd7 5. Nf3 Ngf6 6. Bg5 Be7 7. Nxf6+ Nxf6
8. Bd3 b6 9. Bxf6 Bxf6 10. Be4 Rb8 11. Ne5 Bd7 12. O-O c5 1/2-1/2

[Event "2. Magistral Ciudad de Asunción 2009 B"]
[Site "Asunción PAR"]
[Date "2009.07.03"]
[Round "6.3"]
[White "Kropff, Ricardo"]
[Black "Siero-Gonzalez, Luis"]
[Result "1/2-1/2"]
[WhiteElo "2298"]
[BlackElo "2361"]
[PlyCount "52"]
[EventDate "2009.06.28"]
[EventType "tourn"]
[EventRounds "9"]
[EventCountry "PAR"]
[EventCategory "2"]
[Source "lmi"]
[SourceDate "2009.06.28"]

1. c4 e6 2. Nf3 d5 3. b3 Nf6 4. g3 Be7 5. Bg2 O-O 6. O-O c5 7. e3 Nc6 8. Qe2 b6
9. Bb2 Bb7 10. Nc3 a6 11. cxd5 exd5 12. Rad1 d4 13. exd4 cxd4 14. Ne4 d3 15.
Qe3 Nb4 16. Ne1 Re8 17. Qg5 Bxe4 18. Bxe4 h6 19. Qf5 Nxe4 20. Qxe4 Bc5 21. Qg4
Qg5 22. Qxg5 hxg5 23. a3 Nc2 24. Nxc2 dxc2 25. Rc1 Rad8 26. d4 Bxd4 1/2-1/2

[Event "2. Magistral Ciudad de Asunción 2009 B"]
[Site "Asunción PAR"]
[Date "2009.07.03"]
[Round "6.4"]
[White "Oddone, Cristhian"]
[Black "Hernandez, Angel C."]
[Result "0-1"]
[WhiteElo "2231"]
[BlackElo "2228"]
[PlyCount "70"]
[EventDate "2009.06.28"]
[EventType "tourn"]
[EventRounds "9"]
[EventCountry "PAR"]
[EventCategory "2"]
[Source "lmi"]
[SourceDate "2009.06.28"]

1. d4 d5 2. e3 Bf5 3. Bd3 e6 4. Bxf5 exf5 5. c4 dxc4 6. Qa4+ c6 7. Qxc4 Nf6 8.
Nc3 Nbd7 9. Nge2 Nb6 10. Qb3 Qd7 11. O-O Bd6 12. Bd2 O-O 13. a4 Rfe8 14. a5
Nbd5 15. Nxd5 Nxd5 16. Nc3 Nf6 17. Qc4 Rad8 18. a6 b6 19. Rfd1 Bb8 20. g3 h5
21. Be1 h4 22. Qf1 hxg3 23. hxg3 Re6 24. Qg2 Nd5 25. Nxd5 cxd5 26. Rdc1 Rde8
27. Bb4 Re4 28. Qf3 Qe6 29. Rc2 Qg6 30. Bd2 f4 31. exf4 Bxf4 32. Rac1 Bxd2 33.
Rxd2 Re1+ 34. Rxe1 Rxe1+ 35. Kg2 Qh6 0-1

[Event "2. Magistral Ciudad de Asunción 2009 B"]
[Site "Asunción PAR"]
[Date "2009.07.03"]
[Round "6.5"]
[White "Espinoza Palomino, Willyan"]
[Black "Peralta, Eduardo"]
[Result "0-1"]
[WhiteElo "2281"]
[BlackElo "2274"]
[PlyCount "76"]
[EventDate "2009.06.28"]
[EventType "tourn"]
[EventRounds "9"]
[EventCountry "PAR"]
[EventCategory "2"]
[Source "lmi"]
[SourceDate "2009.06.28"]

1. e4 c5 2. Nf3 Nc6 3. d4 cxd4 4. Nxd4 Nf6 5. Nc3 g6 6. Be3 Bg7 7. Bc4 d6 8. f3
O-O 9. Qd2 Bd7 10. O-O-O Nxd4 11. Bxd4 Rc8 12. Bb3 b5 13. Nd5 Nxd5 14. Bxg7
Kxg7 15. exd5 a5 16. a3 Qb6 17. Rhe1 Rfe8 18. g4 b4 19. axb4 Qa6 20. bxa5 Rc5
21. Re4 Rxa5 22. Qd4+ Kg8 23. Kd2 e5 24. dxe6 Bxe6 25. Bxe6 fxe6 26. Qc4 Qb7
27. Qc3 Rc5 28. Qf6 Qc6 29. c3 d5 30. Rf4 Qc7 31. Ra1 Rb5 32. Ra2 e5 33. Rfa4
Rb6 34. Qg5 Qb7 35. Kc1 d4 36. c4 Qxf3 37. b4 Qf1+ 38. Kd2 Rf6 0-1

[Event "2. Magistral Ciudad de Asunción 2009 B"]
[Site "Asunción PAR"]
[Date "2009.07.05"]
[Round "7.2"]
[White "Hernandez, Angel C."]
[Black "Espinoza Palomino, Willyan"]
[Result "0-1"]
[WhiteElo "2228"]
[BlackElo "2281"]
[PlyCount "192"]
[EventDate "2009.06.28"]
[EventType "tourn"]
[EventRounds "9"]
[EventCountry "PAR"]
[EventCategory "2"]
[Source "lmi"]
[SourceDate "2009.06.28"]

1. e4 e5 2. Nf3 Nc6 3. Bb5 a6 4. Ba4 Nf6 5. O-O Be7 6. Bxc6 dxc6 7. Qe1 Nd7 8.
b3 O-O 9. Bb2 Bf6 10. d3 Re8 11. Nbd2 Nf8 12. Nc4 Ng6 13. Rd1 c5 14. Ne3 Be6
15. Kh1 Qe7 16. a4 a5 17. Nd2 b6 18. Nb1 Rad8 19. Nc3 c6 20. Nb1 Bg5 21. Nd2
Qc7 22. Ndc4 Rd7 23. Nd2 Rde7 24. Bc3 Bc8 25. Nf3 Bxe3 26. fxe3 f6 27. Qg3 Qd7
28. h3 Qe6 29. Nh2 Qf7 30. Rf2 Kh8 31. Rdf1 Nf8 32. Nf3 Qh5 33. Qh2 Ng6 34. g4
Qh6 35. Re2 Nh4 36. Ng1 Ng6 37. Be1 Nf8 38. Qg3 Qg6 39. Nf3 Qf7 40. Ref2 Ng6
41. Bc3 Qe6 42. Kh2 h6 43. Rg2 Rg8 44. h4 Rf7 45. g5 h5 46. Nd2 Qg4 47. Qxg4
Bxg4 48. Rxg4 hxg4 49. Nc4 Rff8 50. h5 fxg5 51. Rxf8 Nxf8 52. Nxe5 Ne6 53. Kg3
Kh7 54. Kxg4 Rf8 55. Nf3 Kh6 56. Be5 b5 57. d4 cxd4 58. exd4 bxa4 59. bxa4 g6
60. hxg6 Kxg6 61. c4 Rc8 62. c5 Rd8 63. Bd6 Rc8 64. Ne5+ Kh6 65. Kf5 Nxd4+ 66.
Kg4 Ne6 67. Kf5 Nd4+ 68. Kg4 Ne6 69. Kf5 Nd4+ 70. Kg4 Rg8 71. Nc4 Nb3 72. e5
Kg6 73. e6 Nd4 74. e7 Kf7 75. Nxa5 Ra8 76. Nb7 Rxa4 77. Nd8+ Ke8 78. Kxg5 Ra2
79. Kf4 Kd7 80. Ke4 Rd2 81. Nf7 Nb5 82. Kf5 Rf2+ 83. Kg6 Nd4 84. Ng5 Nf5 85.
Ne4 Nxe7+ 86. Bxe7 Re2 87. Kf5 Kxe7 88. Ke5 Re1 89. Kd4 Rd1+ 90. Kc4 Ke6 91.
Nc3 Rd8 92. Ne2 Ke5 93. Nc3 Rd4+ 94. Kb3 Rh4 95. Na4 Kd5 96. Nc3+ Kxc5 0-1

[Event "2. Magistral Ciudad de Asunción 2009 B"]
[Site "Asunción PAR"]
[Date "2009.07.05"]
[Round "7.3"]
[White "Siero-Gonzalez, Luis"]
[Black "Oddone, Cristhian"]
[Result "1/2-1/2"]
[WhiteElo "2361"]
[BlackElo "2231"]
[PlyCount "33"]
[EventDate "2009.06.28"]
[EventType "tourn"]
[EventRounds "9"]
[EventCountry "PAR"]
[EventCategory "2"]
[Source "lmi"]
[SourceDate "2009.06.28"]

1. d4 c5 2. d5 e5 3. e4 d6 4. f4 exf4 5. Bxf4 Qh4+ 6. g3 Qe7 7. Nc3 g5 8. Bd2
Bg7 9. Bg2 Nd7 10. Nf3 h6 11. O-O Ne5 12. Qe2 Bg4 13. Nd1 Nf6 14. Bc3 O-O 15.
Bxe5 Qxe5 16. h3 Bxf3 17. Qxf3 1/2-1/2

[Event "2. Magistral Ciudad de Asunción 2009 B"]
[Site "Asunción PAR"]
[Date "2009.07.05"]
[Round "7.4"]
[White "Sosa Harrison, Jorge"]
[Black "Kropff, Ricardo"]
[Result "0-1"]
[WhiteElo "2254"]
[BlackElo "2298"]
[PlyCount "86"]
[EventDate "2009.06.28"]
[EventType "tourn"]
[EventRounds "9"]
[EventCountry "PAR"]
[EventCategory "2"]
[Source "lmi"]
[SourceDate "2009.06.28"]

1. Nf3 d5 2. b3 c5 3. Bb2 f6 4. d4 cxd4 5. Nxd4 e5 6. Nf3 Nc6 7. e3 Be6 8. Nbd2
Bc5 9. a3 Nge7 10. b4 Bb6 11. c4 e4 12. c5 exf3 13. cxb6 fxg2 14. Bxg2 Qxb6 15.
Nb3 a5 16. Nd4 Bf7 17. Nxc6 Nxc6 18. Bxd5 O-O 19. Rg1 Ne5 20. Bxe5 fxe5 21. Rg4
Rad8 22. Bxf7+ Rxf7 23. Qe2 Qc6 24. Qc4 Qh1+ 25. Qf1 Qxh2 26. bxa5 Rfd7 27. Rb1
Qh5 28. Qg2 Qf7 29. Qe4 Kh8 30. Rh4 h6 31. Rh2 Qa2 32. Qb4 Qc2 33. Kf1 Rd1+ 34.
Rxd1 Qxd1+ 35. Qe1 Qf3 36. Rh4 Rd1 37. Qxd1 Qxd1+ 38. Kg2 Qd5+ 39. Kg1 Qxa5 40.
Rb4 b5 41. Kg2 Kh7 42. Kg3 Kg6 43. f4 Qxa3 0-1

[Event "2. Magistral Ciudad de Asunción 2009 B"]
[Site "Asunción PAR"]
[Date "2009.07.05"]
[Round "7.5"]
[White "Malbran, Guillermo"]
[Black "Gattass, Allan"]
[Result "0-1"]
[WhiteElo "2238"]
[BlackElo "2221"]
[PlyCount "79"]
[EventDate "2009.06.28"]
[EventType "tourn"]
[EventRounds "9"]
[EventCountry "PAR"]
[EventCategory "2"]
[Source "lmi"]
[SourceDate "2009.06.28"]

1. e4 e6 2. d4 d5 3. e5 c5 4. c3 Nc6 5. Nf3 Qb6 6. Be2 Nh6 7. Bxh6 Qxb2 8. Bxg7
Bxg7 9. Qd2 Qxd2+ 10. Nbxd2 c4 11. a4 Rb8 12. O-O a6 13. Rfb1 b5 14. axb5 axb5
15. Ra2 Bd7 16. Ne1 b4 17. Ndf3 b3 18. Ra6 Ke7 19. Bd1 Ra8 20. Rba1 Rxa6 21.
Rxa6 Rb8 22. Ra1 f6 23. exf6+ Bxf6 24. Kf1 Be8 25. Nd2 Bg6 26. Ke2 b2 27. Ra6
Kd7 28. Ba4 Rc8 29. Rb6 e5 30. Rxb2 exd4 31. cxd4 Bxd4 32. Rb7+ Kd6 33. Ndf3
Bf6 34. Rb6 d4 35. Kd2 d3 36. Rxc6+ Rxc6 37. Bxc6 Kxc6 38. Ke3 Kc5 39. g4 Bb2
40. Nd2 0-1

[Event "2. Magistral Ciudad de Asunción 2009 B"]
[Site "Asunción PAR"]
[Date "2009.07.05"]
[Round "8.2"]
[White "Kropff, Ricardo"]
[Black "Malbran, Guillermo"]
[Result "1/2-1/2"]
[WhiteElo "2298"]
[BlackElo "2238"]
[PlyCount "133"]
[EventDate "2009.06.28"]
[EventType "tourn"]
[EventRounds "9"]
[EventCountry "PAR"]
[EventCategory "2"]
[Source "lmi"]
[SourceDate "2009.06.28"]

1. c4 e5 2. Nc3 Nf6 3. Nf3 Nc6 4. d3 d5 5. cxd5 Nxd5 6. e4 Nf6 7. Be2 Be7 8.
O-O O-O 9. Be3 Bg4 10. Qb3 Nd4 11. Bxd4 exd4 12. Nb1 Bxf3 13. Bxf3 Rb8 14. Nd2
c5 15. a4 Nd7 16. Be2 Qb6 17. Qc2 Ne5 18. f4 Nc6 19. Rae1 Na5 20. Kh1 Qb4 21.
Ra1 f6 22. Bg4 g6 23. Be6+ Kg7 24. Bd5 Qb6 25. Rf3 Qd6 26. Raf1 a6 27. Ra1 f5
28. Re1 Rbe8 29. Ba2 Bd8 30. Rf2 b6 31. g3 h5 32. Rfe2 h4 33. Kg1 hxg3 34. hxg3
Rh8 35. Nc4 Nxc4 36. Qxc4 Qd7 37. exf5 Rxe2 38. Rxe2 gxf5 39. Qxa6 Rh3 40. Qc4
Rxg3+ 41. Kh2 Rg6 42. Qg8+ Kh6 43. Qh8+ Qh7 44. Qf8+ Qg7 45. Qxd8 Kh7 46. Bg8+
Qxg8 47. Re7+ Kh8 48. Qxg8+ Kxg8 49. Re5 Rf6 50. Kg3 Kg7 51. Kh4 Kg6 52. a5
bxa5 53. Rxc5 Rb6 54. Rxa5 Rxb2 55. Ra6+ Kf7 56. Kg5 Rb3 57. Kxf5 Rxd3 58. Ra7+
Ke8 59. Kf6 Rb3 60. Ra8+ Kd7 61. f5 d3 62. Kf7 d2 63. Ra1 Rd3 64. Rd1 Rd5 65.
f6 Rd3 66. Kg7 Rg3+ 67. Kf7 1/2-1/2

[Event "2. Magistral Ciudad de Asunción 2009 B"]
[Site "Asunción PAR"]
[Date "2009.07.05"]
[Round "8.3"]
[White "Oddone, Cristhian"]
[Black "Sosa Harrison, Jorge"]
[Result "0-1"]
[WhiteElo "2231"]
[BlackElo "2254"]
[PlyCount "128"]
[EventDate "2009.06.28"]
[EventType "tourn"]
[EventRounds "9"]
[EventCountry "PAR"]
[EventCategory "2"]
[Source "lmi"]
[SourceDate "2009.06.28"]

1. Nf3 Nf6 2. g3 b6 3. Bg2 Bb7 4. O-O c5 5. d3 d5 6. Nbd2 d4 7. e4 dxe3 8. fxe3
g6 9. e4 Bg7 10. Qe2 Nc6 11. Nc4 O-O 12. Bh3 b5 13. Na3 a6 14. Be3 c4 15. Rfd1
cxd3 16. cxd3 Bc8 17. Bxc8 Rxc8 18. Rac1 Ng4 19. Rb1 Nxe3 20. Qxe3 Nd4 21. Kh1
Qd6 22. Nxd4 Bxd4 23. Qe2 Qe5 24. Rd2 Rfd8 25. b3 Rd6 26. Nc2 Bc3 27. Rdd1 Rcd8
28. Rbc1 Bb2 29. Rb1 Qc3 30. Ne1 Ba3 31. Qc2 Bb4 32. a3 Qxc2 33. Nxc2 Bc3 34.
Ne3 Rxd3 35. Nd5 Bd2 36. Rb2 e6 37. Rbxd2 Rxd2 38. Rxd2 exd5 39. exd5 Kf8 40.
Kg2 Ke7 41. Kf3 Rc8 42. Rd3 Kd6 43. Kf4 f6 44. b4 Re8 45. Rc3 Kxd5 46. Rc7 Re4+
47. Kf3 Rc4 48. Rxh7 Rc3+ 49. Kf4 Rxa3 50. Rg7 Ra4 51. Rxg6 Ke6 52. Rg7 Rxb4+
53. Ke3 a5 54. Rb7 a4 55. Rb6+ Ke5 56. Ra6 Rb3+ 57. Kd2 Kd4 58. Kc2 Rf3 59. Kb2
Kc4 60. Re6 Rf2+ 61. Kc1 f5 62. h4 a3 63. Ra6 Kb3 64. h5 a2 0-1

[Event "2. Magistral Ciudad de Asunción 2009 B"]
[Site "Asunción PAR"]
[Date "2009.07.05"]
[Round "8.5"]
[White "Peralta, Eduardo"]
[Black "Hernandez, Angel C."]
[Result "1-0"]
[WhiteElo "2274"]
[BlackElo "2228"]
[PlyCount "95"]
[EventDate "2009.06.28"]
[EventType "tourn"]
[EventRounds "9"]
[EventCountry "PAR"]
[EventCategory "2"]
[Source "lmi"]
[SourceDate "2009.06.28"]

1. d4 d5 2. Nf3 Nf6 3. g3 Bf5 4. Bg2 Nbd7 5. O-O c5 6. c4 Bxb1 7. Rxb1 e6 8.
cxd5 Nxd5 9. e4 N5f6 10. d5 e5 11. Nd2 b5 12. Qe2 Qb6 13. b3 Bd6 14. Bb2 O-O
15. Rfc1 a6 16. Kh1 Rfe8 17. Rc2 Qc7 18. Rbc1 Reb8 19. Rf1 Re8 20. Bh3 Nb6 21.
f4 Nfd7 22. f5 f6 23. g4 h6 24. Rf3 Nc8 25. Bf1 Qb6 26. h4 Be7 27. Rh3 Nf8 28.
Nf3 Nh7 29. Bc1 Nd6 30. g5 fxg5 31. hxg5 Nxg5 32. Nxg5 hxg5 33. Qh2 Bf6 34.
Bxg5 Nxe4 35. Be3 Rec8 36. Bd3 Nd6 37. Qg2 Qa5 38. Bd2 Qd8 39. Qg6 e4 40. Be2
Nf7 41. Bf4 Qxd5 42. Rd2 Qc6 43. Bh5 Ra7 44. Qh7+ Kf8 45. Bxf7 Kxf7 46. Rd6
Qxd6 47. Bxd6 c4 48. Qh5+ 1-0

[Event "2. Magistral Ciudad de Asunción 2009 B"]
[Site "Asunción PAR"]
[Date "2009.07.06"]
[Round "9.1"]
[White "Hernandez, Angel C."]
[Black "Valiente, Cristobal"]
[Result "1/2-1/2"]
[WhiteElo "2228"]
[BlackElo "2234"]
[PlyCount "20"]
[EventDate "2009.06.28"]
[EventType "tourn"]
[EventRounds "9"]
[EventCountry "PAR"]
[EventCategory "2"]
[Source "lmi"]
[SourceDate "2009.06.28"]

1. e4 c5 2. Nc3 e6 3. d3 Nc6 4. f4 d5 5. e5 Nge7 6. Nf3 Nf5 7. g3 Be7 8. Bg2 b6
9. O-O Bb7 10. Ne2 h5 1/2-1/2

[Event "2. Magistral Ciudad de Asunción 2009 B"]
[Site "Asunción PAR"]
[Date "2009.07.06"]
[Round "9.2"]
[White "Siero-Gonzalez, Luis"]
[Black "Peralta, Eduardo"]
[Result "1-0"]
[WhiteElo "2361"]
[BlackElo "2274"]
[PlyCount "79"]
[EventDate "2009.06.28"]
[EventType "tourn"]
[EventRounds "9"]
[EventCountry "PAR"]
[EventCategory "2"]
[Source "lmi"]
[SourceDate "2009.06.28"]

1. e4 c5 2. Nf3 d6 3. c3 Nf6 4. Be2 g6 5. O-O Bg7 6. Bb5+ Bd7 7. Bxd7+ Nbxd7 8.
Re1 O-O 9. d4 e5 10. dxe5 dxe5 11. Na3 Qc7 12. Bg5 a6 13. Bxf6 Bxf6 14. Nc4 b5
15. Ne3 Nb6 16. c4 Rad8 17. Qc2 Rd6 18. Rac1 b4 19. Red1 Rfd8 20. Nd5 Nxd5 21.
cxd5 Rc8 22. b3 Qd8 23. Qd3 Bg7 24. Rc2 Qf8 25. Nd2 f5 26. f3 Rf6 27. Nc4 fxe4
28. fxe4 Rf4 29. d6 Rd8 30. Qd5+ Kh8 31. Nxe5 Qf6 32. Nf3 Rxf3 33. gxf3 Qxf3
34. Rf2 Qe3 35. Rd3 Qe1+ 36. Kg2 a5 37. d7 Bd4 38. Rxd4 cxd4 39. Qe5+ Kg8 40.
Qe7 1-0

[Event "2. Magistral Ciudad de Asunción 2009 B"]
[Site "Asunción PAR"]
[Date "2009.07.06"]
[Round "9.3"]
[White "Sosa Harrison, Jorge"]
[Black "Espinoza Palomino, Willyan"]
[Result "1/2-1/2"]
[WhiteElo "2254"]
[BlackElo "2281"]
[PlyCount "44"]
[EventDate "2009.06.28"]
[EventType "tourn"]
[EventRounds "9"]
[EventCountry "PAR"]
[EventCategory "2"]
[Source "lmi"]
[SourceDate "2009.06.28"]

1. Nf3 d5 2. d4 Nf6 3. Bf4 c5 4. c3 Nc6 5. e3 e6 6. Bd3 Be7 7. h3 O-O 8. Nbd2
b6 9. O-O Bb7 10. Re1 Re8 11. Rc1 Rc8 12. Qa4 Bd6 13. Bxd6 Qxd6 14. e4 Qe7 15.
exd5 Nxd5 16. dxc5 Qxc5 17. Qh4 h6 18. Ne4 Qe7 19. Qxe7 Rxe7 20. Nd6 Rd8 21.
Nxb7 Rxb7 22. Rcd1 Rbd7 1/2-1/2

[Event "2. Magistral Ciudad de Asunción 2009 B"]
[Site "Asunción PAR"]
[Date "2009.07.06"]
[Round "9.4"]
[White "Malbran, Guillermo"]
[Black "Oddone, Cristhian"]
[Result "0-1"]
[WhiteElo "2238"]
[BlackElo "2231"]
[PlyCount "156"]
[EventDate "2009.06.28"]
[EventType "tourn"]
[EventRounds "9"]
[EventCountry "PAR"]
[EventCategory "2"]
[Source "lmi"]
[SourceDate "2009.06.28"]

1. e4 c6 2. d4 g6 3. Nf3 Bg7 4. Nc3 d6 5. a4 Nf6 6. h3 O-O 7. Be3 a5 8. Be2 Na6
9. O-O Nb4 10. Nd2 d5 11. e5 Ne8 12. Na2 Na6 13. f4 f6 14. Nf3 Bh6 15. Qd2 Bf5
16. Bd3 Bxd3 17. Qxd3 Nac7 18. Nh2 f5 19. Nc1 Ng7 20. Ne2 Nge6 21. Nf3 b6 22.
g3 c5 23. h4 Qd7 24. c3 c4 25. Qc2 b5 26. axb5 Qxb5 27. Ra2 Rfb8 28. Rfa1 Nd8
29. Bc1 e6 30. Qa4 Bf8 31. Qxb5 Rxb5 32. Kf2 Nc6 33. Ne1 Rb3 34. Nf3 Rab8 35.
Nd2 R3b5 36. Nf3 h6 37. Ke1 Kf7 38. Kd1 Be7 39. Kc2 Na8 40. Be3 Nb6 41. Kd1 a4
42. Bc1 Na5 43. Be3 Rb3 44. Nc1 Rb5 45. Ne2 Rg8 46. Kc2 Rb8 47. Rg1 Nb3 48. Rb1
Ra8 49. Neg1 Ra7 50. Ne2 Rb7 51. Rh1 Na5 52. Rb1 Rb8 53. Raa1 Nb3 54. Ra2 Ra5
55. Nc1 Na8 56. Ne2 Nc7 57. Kd1 Nb5 58. Ne1 a3 59. bxa3 Nxa3 60. Rbb2 Rba8 61.
Nc1 Rb8 62. Ne2 Rab5 63. Bc1 R8b7 64. Nc2 Nxc2 65. Kxc2 Rb8 66. Be3 R5b7 67.
Ng1 Ba3 68. Rxa3 Nxd4+ 69. Bxd4 Rxb2+ 70. Kd1 Rb1+ 71. Ke2 R8b2+ 72. Kf3 Rf1+
73. Ke3 Rxg1 74. Ra7+ Ke8 75. Ra8+ Kd7 76. Kf3 Rf1+ 77. Ke3 Rd1 78. Ra7+ Kc8
0-1

[Event "2. Magistral Ciudad de Asunción 2009 B"]
[Site "Asunción PAR"]
[Date "2009.07.06"]
[Round "9.5"]
[White "Gattass, Allan"]
[Black "Kropff, Ricardo"]
[Result "1/2-1/2"]
[WhiteElo "2221"]
[BlackElo "2298"]
[PlyCount "20"]
[EventDate "2009.06.28"]
[EventType "tourn"]
[EventRounds "9"]
[EventCountry "PAR"]
[EventCategory "2"]
[Source "lmi"]
[SourceDate "2009.06.28"]

1. e4 c6 2. d4 d5 3. Nc3 dxe4 4. Nxe4 Bf5 5. Ng3 Bg6 6. h4 h6 7. Bc4 e6 8. N1e2
Bd6 9. Nf4 Bxf4 10. Bxf4 Nf6 1/2-1/2